| 000 | 01260 a2200313 4500 | ||
|---|---|---|---|
| 003 | Nust | ||
| 005 | 20221222092502.0 | ||
| 010 | _a 96018539 | ||
| 020 | _a029778993 | ||
| 020 | _a0297789961 | ||
| 040 | _cNust | ||
| 082 | 0 | 0 | _a330.942,PRE |
| 245 | 0 | 4 |
_aThe UK economy : _ba manual of applied economics / |
| 246 | 3 | _aU.K. economy | |
| 246 | 3 | _aUnited Kingdom economy | |
| 250 |
_a11th ed. / _bedited by M. J. Artis. |
||
| 260 |
_aOxford ; _aNew York : _bOxford University Press, _c1996. |
||
| 300 |
_axviii, 366 p. : _bill. ; _c25 cm |
||
| 505 | _aThe economy as a whole (Page-1), Money and finance (Page-66), Foreign trade and the balance of payments (Page-130), Industry (Page-203), Labour (Page-266). | ||
| 650 | 0 |
_aEconomic history _y1945- _9105597 |
|
| 650 | 0 |
_aFinance _zGreat Britain. _9105598 |
|
| 651 | 0 |
_aGreat Britain _xEconomic conditions _y1964-1979. _9105599 |
|
| 651 | 0 |
_aGreat Britain _xEconomic conditions _y1979-1997. _9105600 |
|
| 651 | 0 |
_aGreat Britain _xEconomic policy _y1964-1979. _9105601 |
|
| 651 | 0 |
_aGreat Britain _xEconomic policy _y1979-1997. _9105602 |
|
| 700 | 1 |
_aArtis, Michael J. _9105603 |
|
| 856 | 4 | 2 |
_3Publisher description _uhttp://www.loc.gov/catdir/enhancements/fy0635/96018539-d.html |
| 942 |
_2ddc _cBK _k330.942,PRE |
||
| 999 |
_c184612 _d184612 |
||